| 000 | 01008pam a2200253 a 4500 | ||
|---|---|---|---|
| 001 | 2506352 | ||
| 003 | ARRUPE | ||
| 005 | 20130925173335.0 | ||
| 008 | 921209s1993 mnua b 001 0 eng | ||
| 010 | _a 92043851 | ||
| 020 |
_a0814621341 : _c$11.95 |
||
| 040 |
_aDLC _cDLC _dDLC |
||
| 050 | 0 | 0 |
_aBT303 _b.H36 1993 |
| 100 | 1 |
_aHastings, Joanna, _d1937- _91311 |
|
| 245 | 1 | 4 |
_aThe rosary : _ba prayer for all seasons / _cJoanna Hastings ; illustrations by Mary Rose Gimpl ; foreword by Richard J. Sklba. |
| 260 |
_aCollegeville, Minn. : _bLiturgical Press, _cc1993. |
||
| 300 |
_axiii, 212 p. : _bill. ; _c22 cm. |
||
| 504 | _aInclude bibliographical references and index. | ||
| 610 | 2 | 0 |
_aCatholic Church _vPrayers and devotions. _91312 |
| 650 | 0 |
_aMysteries of the Rosary. _xMeditations _91313 |
|
| 906 |
_a7 _bcbc _corignew _d1 _eocip _f19 _gy-gencatlg |
||
| 942 |
_2lcc _cMONOGRAPH |
||
| 999 |
_c118058 _d118058 |
||